Arqueología, una ecología del hombre: método y teoría para un enfoque contextual
Αποθηκεύτηκε σε:
| Κύριος συγγραφέας: | |
|---|---|
| Μορφή: | Βιβλίο |
| Γλώσσα: | Ισπανικά |
| Έκδοση: |
Barcelona
Bellaterra
2007
|
| Σειρά: | Colección Bellaterra Arqueología
|
| Θέματα: | |
| Ετικέτες: |
Προσθήκη ετικέτας
Δεν υπάρχουν, Καταχωρήστε ετικέτα πρώτοι!
|
MARC
| LEADER | 00000nam a2200000 a 4500 | ||
|---|---|---|---|
| 001 | UCI5697 | ||
| 003 | CL-VaPUC | ||
| 008 | 080404e20070000SP |||||||||||||||||spa|d | ||
| 020 | |a 9788472903487 | ||
| 082 | 0 | 4 | |a 936.6 |b BUT |2 21 |
| 100 | 0 | |a Butzer, Karl W |e author |9 528267 | |
| 245 | 1 | 0 | |a Arqueología, una ecología del hombre: método y teoría para un enfoque contextual |
| 300 | |a 418 p | ||
| 942 | |c BK | ||
| 945 | |d 20080404 00:00:00 |a jtorresc | ||
| 260 | |a Barcelona |b Bellaterra |c 2007 | ||
| 650 | 0 | |a Arqueología |9 265619 | |
| 650 | 0 | |a Medio ambiente |9 257625 | |
| 650 | 0 | |a Ecología humana |9 263207 | |
| 650 | 7 | |a FOSILES |2 CL-VaPUC |9 370434 | |
| 650 | 7 | |a EXCAVACIONES |2 CL-VaPUC |9 262499 | |
| 650 | 0 | |a Yacimientos |9 400174 | |
| 650 | 7 | |a PROXIMO ORIENTE |2 CL-VaPUC |9 528268 | |
| 583 | |a last modification |c 20140102 04:36:54 |k Rodrigo Vera | ||
| 490 | 0 | |a Colección Bellaterra Arqueología | |
| 999 | |c 329418 |d 329416 | ||
| 952 | |0 0 |1 0 |4 0 |6 936_600000000000000_BUT_2007 |7 0 |8 A |9 414026 |a BIBHIS |b BIBHIS |d 2019-11-22 |i 442395K |o 936.6 BUT 2007 |p 442395K |r 2025-01-20 |w 2019-11-22 |y BK |k HIS | ||